| 000 | 00593ntaaa2200205 4500 | ||
|---|---|---|---|
| 003 | 01 | ||
| 005 | 20251027202709.0 | ||
| 008 | 0714s1973 ag 01 | ||
| 040 |
_aAR-BaBN _bspa _cAR-BaBN _eaacr _dRIC |
||
| 082 | _a487.4000 T15d | ||
| 100 |
_aTames, Elsa _919634 |
||
| 245 | _aDiccionario conciso griego-español del Nuevo Testamento | ||
| 250 | _a1 ed. | ||
| 260 |
_aSan José, Costa Rica : _bCaribe, _c1978 |
||
| 300 |
_a200 p ; _c19 cm |
||
| 500 | _aContiene listas de abreviaturas | ||
| 650 |
_agriego-español diccionario _926640 |
||
| 700 |
_aFoulkes, Irene W de _926641 |
||
| 942 | _cBK | ||
| 999 |
_c22130 _d22130 |
||